{"text_format":"3","workbook":"xlsx","n_sheets":1,"sheets":["Worksheet"],"read":"whole","date_system":"1900"}

{"sheet":"Worksheet","index":0,"n_rows":42,"n_cols":15,"rows_kept":42}
["Фамилия","Имя","Отчество","Пол","Дата рождения","Участник с ОВЗ","Класс","Класс участия","Балл","Макс. балл","Статус","Призер МЭ прошлого года","Учитель","Место работы учителя","Предмет"]
["Аглямов","Салих","Рамисович","м","10.02.2014",null,5,5,19,25,"победитель",null,"Гилазтдинова Миляуша Тимерагазеевна","МБОУ «Адымнар - Нижнекамск» НМР РТ","Биология"]
["Матвеев","Матвей","Евгеньевич","м","17.05.2014",null,5,5,18,25,"призер",null,"Гилазтдинова Миляуша Тимерагазеевна","МБОУ «Адымнар - Нижнекамск» НМР РТ","Биология"]
["Шалфеев","Семен","Александрович","м","23.09.2014",null,5,5,15,25,"участник",null,"Гилазтдинова Миляуша Тимерагазеевна","МБОУ «Адымнар - Нижнекамск» НМР РТ","Биология"]
["Кузьмина","Аделина","Денисовна","ж","25.03.2014",null,5,5,15,25,"участник",null,"Гилазтдинова Миляуша Тимерагазеевна","МБОУ «Адымнар - Нижнекамск» НМР РТ","Биология"]
["Коломин","Марк","Антонович","м","07.10.2013",null,5,5,15,25,"участник",null,"Гилазтдинова Миляуша Тимерагазеевна","МБОУ «Адымнар - Нижнекамск» НМР РТ","Биология"]
["Гималтдинов","Айзат","Динарович","м","13.04.2014",null,5,5,14,25,"участник",null,"Гилазтдинова Миляуша Тимерагазеевна","МБОУ «Адымнар - Нижнекамск» НМР РТ","Биология"]
["Гилазтдинов","Булат","Ильдарович","м","22.11.2013",null,5,5,12,25,"участник",null,"Гилазтдинова Миляуша Тимерагазеевна","МБОУ «Адымнар - Нижнекамск» НМР РТ","Биология"]
["Зайдуллин","Амин","Рамисович","м","14.11.2013",null,5,5,12,25,"участник",null,"Гилазтдинова Миляуша Тимерагазеевна","МБОУ «Адымнар - Нижнекамск» НМР РТ","Биология"]
["Шарапов","Марк","Аркадьевич","м","25.10.2013",null,5,5,12,25,"участник",null,"Гилазтдинова Миляуша Тимерагазеевна","МБОУ «Адымнар - Нижнекамск» НМР РТ","Биология"]
["Шерипов","Оскар","Линарович","м","17.02.2014",null,5,5,10,25,"участник",null,"Гилазтдинова Миляуша Тимерагазеевна","МБОУ «Адымнар - Нижнекамск» НМР РТ","Биология"]
["Фаррахетдинов","Аскар","Робертович","м","21.02.2014",null,5,5,8,25,"участник",null,"Гилазтдинова Миляуша Тимерагазеевна","МБОУ «Адымнар - Нижнекамск» НМР РТ","Биология"]
["Кузнецов","Дмитрий","Иванович","м","22.03.2013",null,6,6,21,25,"победитель",null,"Гилазтдинова Миляуша Тимерагазеевна","МБОУ «Адымнар - Нижнекамск» НМР РТ","Биология"]
["Добросова","Камиля","Тимуровна","ж","17.05.2013",null,6,6,19,25,"участник",null,"Гилазтдинова Миляуша Тимерагазеевна","МБОУ «Адымнар - Нижнекамск» НМР РТ","Биология"]
["Зуев","Данил","Егорович","м","17.05.2013",null,6,6,12,25,"участник",null,"Гилазтдинова Миляуша Тимерагазеевна","МБОУ «Адымнар - Нижнекамск» НМР РТ","Биология"]
["Мирзамахмутова","Амалия","Ильназовна","ж","21.05.2013",null,6,6,10,25,"участник",null,"Гилазтдинова Миляуша Тимерагазеевна","МБОУ «Адымнар - Нижнекамск» НМР РТ","Биология"]
["Сибаев","Амиль","Маратович","м","08.08.2013",null,7,7,9,25,"участник",null,"Гилазтдинова Миляуша Тимерагазеевна","МБОУ «Адымнар - Нижнекамск» НМР РТ","Биология"]
["Абдиева","Амира","Фархадовна","ж","15.12.2011",null,7,7,17,30,"призер",null,"Гилазтдинова Миляуша Тимерагазеевна","МБОУ «Адымнар - Нижнекамск» НМР РТ","Биология"]
["Авзалов","Данияр","Эдуардович","м","09.08.2012",null,7,7,16,30,"участник",null,"Гилазтдинова Миляуша Тимерагазеевна","МБОУ «Адымнар - Нижнекамск» НМР РТ","Биология"]
["Галяутдинова","Адиля","Радиковна","ж","07.01.2012",null,7,7,15,30,"участник",null,"Гилазтдинова Миляуша Тимерагазеевна","МБОУ «Адымнар - Нижнекамск» НМР РТ","Биология"]
["Бекжанова","Сююмбике","Расуловна","ж","08.06.2012",null,7,7,15,30,"участник",null,"Гилазтдинова Миляуша Тимерагазеевна","МБОУ «Адымнар - Нижнекамск» НМР РТ","Биология"]
["Гарипов","Динар","Фанилович","м","26.08.2012",null,7,7,14,30,"участник",null,"Гилазтдинова Миляуша Тимерагазеевна","МБОУ «Адымнар - Нижнекамск» НМР РТ","Биология"]
["Латыпова","Кира","Альбертовна","ж","20.03.2012",null,7,7,14,30,"участник",null,"Гилазтдинова Миляуша Тимерагазеевна","МБОУ «Адымнар - Нижнекамск» НМР РТ","Биология"]
["Шарафутдинов","Камиль","Маратович","м","01.06.2012",null,7,7,13,30,"участник",null,"Гилазтдинова Миляуша Тимерагазеевна","МБОУ «Адымнар - Нижнекамск» НМР РТ","Биология"]
["Гуленков","Антон","Олегович","м","19.06.2012",null,7,7,11,30,"участник",null,"Гилазтдинова Миляуша Тимерагазеевна","МБОУ «Адымнар - Нижнекамск» НМР РТ","Биология"]
["Гильмутдинова","Ясмина","Алмазовна","ж","27.04.2011",null,8,8,14,33,"участник",null,"Гилазтдинова Миляуша Тимерагазеевна","МБОУ «Адымнар - Нижнекамск» НМР РТ","Биология"]
["Гималдинова","Зарина","Ризвановна","ж","10.08.2011",null,8,8,14,33,"участник",null,"Гилазтдинова Миляуша Тимерагазеевна","МБОУ «Адымнар - Нижнекамск» НМР РТ","Биология"]
["Иванова","София","Денисовна","ж","06.11.2010",null,8,8,13,33,"участник",null,"Гилазтдинова Миляуша Тимерагазеевна","МБОУ «Адымнар - Нижнекамск» НМР РТ","Биология"]
["Смирнова","Анастасия","Алексеевна","ж","27.02.2011",null,8,8,13,33,"участник",null,"Гилазтдинова Миляуша Тимерагазеевна","МБОУ «Адымнар - Нижнекамск» НМР РТ","Биология"]
["Якупов","Амир","Алмазович","м","19.09.2011",null,8,8,13,33,"участник",null,"Гилазтдинова Миляуша Тимерагазеевна","МБОУ «Адымнар - Нижнекамск» НМР РТ","Биология"]
["Шаехова","Сафийа","Марселевна","ж","13.05.2010",null,9,9,30,56,"призер",null,"Гилазтдинова Миляуша Тимерагазеевна","МБОУ «Адымнар - Нижнекамск» НМР РТ","Биология"]
["Пастушенко","Диана","Ильнуровна","ж","12.09.2010",null,9,9,30,56,"участник",null,"Гилазтдинова Миляуша Тимерагазеевна","МБОУ «Адымнар - Нижнекамск» НМР РТ","Биология"]
["Ибрагимов","Камиль","Мударисович","м","03.03.2010",null,9,9,27,56,"участник",null,"Гилазтдинова Миляуша Тимерагазеевна","МБОУ «Адымнар - Нижнекамск» НМР РТ","Биология"]
["Хабибуллина","Дина","Ильшатовна","ж","07.09.2010",null,9,9,27,56,"участник",null,"Гилазтдинова Миляуша Тимерагазеевна","МБОУ «Адымнар - Нижнекамск» НМР РТ","Биология"]
["Шатунова","Софья","Сергеевна","ж","27.03.2010",null,9,9,26,56,"участник",null,"Гилазтдинова Миляуша Тимерагазеевна","МБОУ «Адымнар - Нижнекамск» НМР РТ","Биология"]
["Массарова","Амелия","Динаровна","ж","08.06.2010",null,9,9,25,56,"участник",null,"Гилазтдинова Миляуша Тимерагазеевна","МБОУ «Адымнар - Нижнекамск» НМР РТ","Биология"]
["Гибадуллина","Зиля","Рамзилевна","ж","22.09.2010",null,9,9,24,56,"участник",null,"Гилазтдинова Миляуша Тимерагазеевна","МБОУ «Адымнар - Нижнекамск» НМР РТ","Биология"]
["Сатенаева","Полина","Дмитриевна","ж","18.05.2010",null,9,9,24,56,"участник",null,"Гилазтдинова Миляуша Тимерагазеевна","МБОУ «Адымнар - Нижнекамск» НМР РТ","Биология"]
["Файрушина","Ясмина","Рафисовна","ж","10.11.2010",null,9,9,23,56,"участник",null,"Гилазтдинова Миляуша Тимерагазеевна","МБОУ «Адымнар - Нижнекамск» НМР РТ","Биология"]
["Гильмутдинова","Азалия","Алмазовна","ж","11.02.2009",null,10,10,23,66,"участник",null,"Гилазтдинова Миляуша Тимерагазеевна","МБОУ «Адымнар - Нижнекамск» НМР РТ","Биология"]
["Шакурова","Элина","Ленаровна","ж","17.04.2009",null,10,10,15,66,"участник",null,"Гилазтдинова Миляуша Тимерагазеевна","МБОУ «Адымнар - Нижнекамск» НМР РТ","Биология"]
["Фокеева","Милана","Андреевна","ж","12.04.2009",null,10,10,23,66,"участник",null,"Гилазтдинова Миляуша Тимерагазеевна","МБОУ «Адымнар - Нижнекамск» НМР РТ","Биология"]